000 00533cam a2200229ua 4500
020 _c70.00
041 _aeng
_h
082 _a540.0162
_bJAI/EN
100 _aJain, P C .
245 _a /
_cP C Jain.
_hTextual Documents
250 _a11 /
_b.
260 _aNew Delhi :
_bDhanpat Rai Publishing Co. Pvt. Ltd. ,
_c1996.
300 _a648 ; .
365 _a70.00
500 _a*CSS
504 _a
700 1 _aManik, Jain .
942 _cBK
999 _c7550
_d7550